<?xml version="1.0" encoding="UTF-8"?>
<record
    xmlns:xsi="http://www.w3.org/2001/XMLSchema-instance"
    xsi:schemaLocation="http://www.loc.gov/MARC21/slim http://www.loc.gov/standards/marcxml/schema/MARC21slim.xsd"
    xmlns="http://www.loc.gov/MARC21/slim">

  <leader>00896cam a22002651a 4500</leader>
  <controlfield tag="001">he 67000245 </controlfield>
  <controlfield tag="003">DLC</controlfield>
  <controlfield tag="005">20260227111443.0</controlfield>
  <controlfield tag="008">870922s1965    is       b    000 0 hebr </controlfield>
  <datafield tag="010" ind1=" " ind2=" ">
    <subfield code="a">he 67000245 </subfield>
  </datafield>
  <datafield tag="025" ind1=" " ind2=" ">
    <subfield code="a">PL480:Is-3001</subfield>
  </datafield>
  <datafield tag="035" ind1=" " ind2=" ">
    <subfield code="a">(OCoLC)16725621</subfield>
  </datafield>
  <datafield tag="040" ind1=" " ind2=" ">
    <subfield code="a">DLC</subfield>
    <subfield code="c">NNL</subfield>
    <subfield code="d">NNL</subfield>
    <subfield code="d">WaU</subfield>
    <subfield code="d">DLC</subfield>
  </datafield>
  <datafield tag="042" ind1=" " ind2=" ">
    <subfield code="a">premarc</subfield>
  </datafield>
  <datafield tag="050" ind1="0" ind2="0">
    <subfield code="a">BM755.E55</subfield>
    <subfield code="b">B7</subfield>
  </datafield>
  <datafield tag="100" ind1="1" ind2=" ">
    <subfield code="a">Broshi, Z.</subfield>
    <subfield code="q">(Zeli&#x1E33;),</subfield>
    <subfield code="d">1907-</subfield>
  </datafield>
  <datafield tag="245" ind1="1" ind2="0">
    <subfield code="a">Rabi Eli&#x2BB;ezer ha-gadol :</subfield>
    <subfield code="b">toldot &#x1E25;ayav &#x1E7F;e-mishnato /</subfield>
    <subfield code="c">me&#x2BC;et Z. Broshi.</subfield>
  </datafield>
  <datafield tag="260" ind1=" " ind2=" ">
    <subfield code="a">Tel-Aviv :</subfield>
    <subfield code="b">Sh. Karmilan,</subfield>
    <subfield code="c">745 [1965]</subfield>
  </datafield>
  <datafield tag="300" ind1=" " ind2=" ">
    <subfield code="a">124 p. ;</subfield>
    <subfield code="c">22 cm.</subfield>
  </datafield>
  <datafield tag="500" ind1=" " ind2=" ">
    <subfield code="a">On verso of t.p.: Rabbi Eliezer ben Hyrcanus the Great; his life and teachings.</subfield>
  </datafield>
  <datafield tag="500" ind1=" " ind2=" ">
    <subfield code="a">"Li-no&#x2BB;ar &#x1E7F;e-li-&#x2BB;am."</subfield>
  </datafield>
  <datafield tag="504" ind1=" " ind2=" ">
    <subfield code="a">Includes bibliographical references.</subfield>
  </datafield>
  <datafield tag="600" ind1="0" ind2="0">
    <subfield code="a">Eliezer ben Hyrcanus.</subfield>
  </datafield>
  <datafield tag="740" ind1="0" ind2=" ">
    <subfield code="a">Rabbi Eliezer ben Hyrcanus the Great; his life and teachings.</subfield>
  </datafield>
  <datafield tag="999" ind1=" " ind2=" ">
    <subfield code="c">32126</subfield>
    <subfield code="d">32126</subfield>
  </datafield>
</record>
